| 000 | 00364nam a2200109Ia 4500 | ||
|---|---|---|---|
| 008 | 200302s9999 xx 000 0 und d | ||
| 100 | _aFrank Arneil Walker | ||
| 245 | _aThe Buildings of Scotland-Argyll, Bute And Stirling (Pevsner Architectural Guides) | ||
| 260 | _bPenguin Books in Association with the buildings of Scotland Trust | ||
| 260 | _c2000 | ||
| 300 | _a683 | ||
| 999 |
_c4565 _d4565 |
||